000
00396nam a22001217a 4500
003
SGT
082
_a
080
_b
S94G
100
_a
गुप्त, अम्बिका प्रसाद
245
_a
सहकारिता देश और विदेश में
260
_b
उत्तरप्रदेश हिंदी संस्थान
_c
1994
300
_a
576
942
_2
ddc
_c
BK
999
_c
31538
_d
31538